00352nam a22000977a 4500008004100000082001200041100003000053245012500083260003700208300000900245230609b xxu||||| |||| 00| 0 eng d a353.463 cGovernment of Kenyad2007 aNational AssemblybFourteenth Report of the Public Investments Committee on the Accounts of State CorporationshVolume 1 aKenyabGovernment of Kenyac2007 a465p